000 00895nam a2200253Ia 4500
003 OSt
005 20220923212453.0
006 a|||||r|||| 00| 0
007 ta
008 220922b |||||||| |||| 00| 0 hin d
024 _a153,307
037 _cTextual
040 _aARTS
_cARTS
_bhin
041 _2hin
_ahin
082 _aO152vM5, N1
100 _aमहेन्द्र कुमार
245 0 _aहिन्दी साहित्य का उत्तर मघ्यकाल
_b रीतिकाल
246 _aHindī sāhitya kā uttar maghyakāla: rītikāla
260 _aनई दिल्ली
_b आर्य बुक डिपो
_c1991
300 _a270 पृ.
_ccm.
650 _aहिन्दी साहित्य
_9156264
942 _hO152vM5, N1
_cTEXL
_2CC
999 _c308954
_d308954